Die 10 am häufigsten genutzten Buchstaben im deutschen Alphabet - Statistiken

Allgemein
  • Dieses Quiz wurde 497 mal gespielt
  • Das Durchschnittsergebnis liegt bei 3 aus 10
Answers on the Grid
Answers color-coded by a green-red scale on the quiz's grid according to % correct below.
I
O
E
F
N
Ä
M
S
P
L
G
R
U
C
Ö
A
Ü
K
Z
T
Y
J
F
D
X
H
Q
U
W
V
 
Antwortstatistiken
Antwort % Korrekt
E
98%
I
72%
A
49%
N
41%
S
37%
R
22%
T
16%
U
6%
H
5%
D
4%
Keine übereinstimmenden Quizze gefunden
Verteilung der Resultate
Anzahl Personen mit jedem Resultat
Perzentil nach korrekt beantworteten Fragen
Ihre Resultats-Entwicklung
Sie haben dieses Quiz noch nicht gespielt